Datum a čas kvízu
27
Celkem bodů
Celkový počet nahraných bodů na tomto kvízu bez doplňovacích otázek.
5.
Pořadí na kvízu
Konečné umístění týmu na tomto kvízu.
Zaznamenané odpovědi
| # | Otázka | Odpověď | Body | Výsledky |
|---|---|---|---|---|
| 1. | Vláda minulý týden představila... | úkol | 0 | |
| 2. | Minulý týden bylo rozhodnuto o... | Julian Assange | 1 | |
| 3. | Andrej Babiš navštívil festiva... | Mirai | 0 | |
| 4. | V Moskvě bylo otevřeno prvních... | Chutně a tečka / Vkusno & točka | 1 | |
| 5. | Český svaz ledního hokeje má o... | Alois Hadamczik | 1 | |
| 6. | V následujících pěti otázkách... | Vykoupení z věznice Shawshank; Tim Robbins a Morgan Freeman | 0.5 | |
| 7. | Pokračujeme snímkem Pulp Ficti... | 1A 2B 3C 4D | 0 | |
| 8. | V roce 2013 byl natočen životo... | James Hunt, Niki Lauda | 1 | |
| 9. | Jak zní příjmení manželského p... | Márovi | 0 | |
| 10. | Jak se jmenují dva herečtí pře... | Jiří Macháček, Marek Taclík | 1 |